ბათუმის შოთა რუსთაველის სახელმწიფო უნივერსიტეტის ბიბლიოთეკა

ამაღლება : (ბიბ.ჩანაწერი № 40820)

000 -ლიდერი
ფიქსირებული სიგრძის საკონტროლო ველი 01015nam a2200241Ia 4500
001 - საკონტროლო ნომერი
საკონტროლო ველი 7460
003 - საკონტროლო ნომრის იდენტიფიკატორი
საკონტროლო ველი GE_BSU
005 - ბოლო ოპერაციის თარიღი და დრო
საკონტროლო ველი 20231213180430.0
008 - ფიქსირებული სიგრძის მონაცემთა ელემენტები - ზოგადი ინფორმაცია
ფიქსირებული სიგრძის საკონტროლო ველი 181216s1973||||ge |||||||||||||| ||geo||
040 ## - კატალოგიზაციის წყარო
Transcribing agency GE_BSU
041 ## - ენის კოდი
Language code of text/sound track or separate title geo
080 ## - უნივერსალური ათობითი კლასიფიკაციის ინდექსი
Universal Decimal Classification number 821.353.1-1 დ-71
100 ## - მთავარი ჩანაწერი - პიროვნების სახელი
Personal name დოლბაია, ვაჟა
9 (RLIN) 20714
245 ## - ცნობა სათაურის შესახებ
Title ამაღლება :
Remainder of title ლექსები /
Statement of responsibility, etc ვაჟა დოლბაია ; რედ. გრ. ჯულუხიძე ; მხატვ. გ. კალაძე, სპ. ცინცაძე.
264 ## - წარმოების, გამოცემის, დისტრიბუციის და სხვა ცნობები
გამოცემის, წარმოების, დისტრიბუციის... ადგილი თბილისი :
გამოცემის, წარმოების, დისტრიბუციის... სახელწოდება მერანი,
გამოცემის, წარმოების, დისტრიბუციის... თარიღი 1973.
300 ## - ფიზიკური აღწერა
Extent 122 გვ. :
Other physical details 1ფ პორტრ;
Dimensions 18 სმ.
653 ## - INDEX TERM--UNCONTROLLED
Uncontrolled term ამაღლება
653 ## - INDEX TERM--UNCONTROLLED
Uncontrolled term ლექსები
700 ## - ADDED ENTRY--PERSONAL NAME
Personal name ჯულუხიძე, გრ.
Relator term რედაქტორი
9 (RLIN) 4382
700 ## - ADDED ENTRY--PERSONAL NAME
Personal name კალაძე, გ.
Relator term მხატვარი
9 (RLIN) 20718
700 ## - ADDED ENTRY--PERSONAL NAME
Personal name ცინცაძე, სპ.
Relator term მხატვარი
9 (RLIN) 3670
942 ## - ADDED ENTRY ELEMENTS (KOHA)
Koha item type წიგნი
Source of classification or shelving scheme
ეგზემპლარები
ჩამოწერის სტატუსი დაკარგული ეგზემპლარის სტატუსი კლასიფიკაციის წყარო ან თაროზე გაწყობის სქემა დაზიანების სტატუსი არ გაიცემა მუდმივი მდებარეობა (დაცვის ადგილი) ამჟამინდელი ადგილსამყოფელი თაროზე განთავსების ადგილი შეძენის თარიღი ღირებულება, შესყიდვის ნორმალური ფასი სრული შენახვის შიფრი შტრიხკოდი ბოლო ოპერაციის თარიღი ეგზემპლარის მიმდევრობითი ნომერი (კეტერი?) ფასის ძალაში შესვლის თარიღი ეგზემპლარის სახეობა საჯარო შენიშვნა
          ბათუმის შოთა რუსთაველის სახელმწიფო უნივერსიტეტის მთავარი ბიბლიოთეკა ბათუმის შოთა რუსთაველის სახელმწიფო უნივერსიტეტის მთავარი ბიბლიოთეკა წიგნსაცავი 2018-12-17 0.80 821.353.1-1 დ-71 23315 2018-12-17 23315 2018-12-17 წიგნი 0.80 ₾.